Introduction to Java Programming /

Salvato in:
Dettagli Bibliografici
Autore principale: Liang, Daniel Y. (Autore)
Natura: Libro
Lingua:inglese
Pubblicazione: New Jersey: Prentice-Hall, Inc., 2001
Edizione:Third Edition
Soggetti:
Tags: Aggiungi Tag
Nessun Tag, puoi essere il primo ad aggiungerne!!

MARC

LEADER 00000nam a22000003a 4500
001 0082237
003 SK-STU
005 20200701132858.1
007 ta
008 200701s ----xo-----e------000-0-----d
020 |a 0-13-031997-X 
040 |a STU  |b slo 
041 0 |a eng 
044 |a xxu 
100 1 |a Liang, Daniel Y.  |4 aut  |r Z6 
245 1 0 |a Introduction to Java Programming /  |c aut. Daniel Y Liang 
250 |a Third Edition 
260 |a New Jersey:   |b Prentice-Hall, Inc.,  |c 2001 
300 |a 784 s.,  |e CD-rom 
650 0 7 |a Java 
650 0 7 |a programovacie jazyky 
996 |b 284IK06902  |c I*16PJ13756  |l I  |s A  |a 24  |w 0082237_0001